BUBT Library Online Catalog

বিকল্প বিরোধ নিষ্পত্তির ধারণা ও আইন এবং আইনগত সহায়তা প্রদান আইন/ (Record no. 7246)

000 -LEADER
fixed length control field 00991nam a22002297a 4500
003 - CONTROL NUMBER IDENTIFIER
control field BUBTL
008 - FIXED-LENGTH DATA ELEMENTS--GENERAL INFORMATION
fixed length control field 240306b ||||| |||| 00| 0 eng d
020 ## - INTERNATIONAL STANDARD BOOK NUMBER
International Standard Book Number 9843000012588
041 ## - LANGUAGE CODE
Language code of text/sound track or separate title বাংলা ও ইংরেজি
082 ## - DEWEY DECIMAL CLASSIFICATION NUMBER
Edition number ৫ম সং
Classification number 347.549209/ Ak47c/ 2013
100 ## - MAIN ENTRY--PERSONAL NAME
9 (RLIN) 5722
Personal name আখতারুজ্জামান, ড. মো :
245 ## - TITLE STATEMENT
Title বিকল্প বিরোধ নিষ্পত্তির ধারণা ও আইন এবং আইনগত সহায়তা প্রদান আইন/
Remainder of title ড. মোঃ আখতারুজ্জামান
250 ## - EDITION STATEMENT
Edition statement ৫ম সং
260 ## - PUBLICATION, DISTRIBUTION, ETC. (IMPRINT)
Place of publication, distribution, etc. ঢাকা
Name of publisher, distributor, etc. বিচার প্রশাসন প্রশিক্ষণ ইনস্টিটিউট
Date of publication, distribution, etc. c2013
300 ## - PHYSICAL DESCRIPTION
Extent [xxiv], 598 p. :
Other physical details ill. 21 cm.
521 ## - TARGET AUDIENCE NOTE
Target audience note Includes Bibliography
526 ## - STUDY PROGRAM INFORMATION NOTE
Program name Law
650 ## - SUBJECT ADDED ENTRY--TOPICAL TERM
Topical term or geographic name as entry element Law
856 ## - ELECTRONIC LOCATION AND ACCESS
Password 0
Logon 0
Link text Download
942 ## - ADDED ENTRY ELEMENTS (KOHA)
Source of classification or shelving scheme
Koha item type Books
Holdings
Withdrawn status Lost status Source of classification or shelving scheme Damaged status Not for loan Collection code Permanent location Current location Shelving location Date acquired Source of acquisition Inventory number Total Checkouts Full call number Barcode Date last seen Copy number Price effective from Koha item type
        Not For Loan Non-fiction Bangladesh University of Business and Technology Library Bangladesh University of Business and Technology Library Law Stacks 03/21/2016 Purchase 21981   347.549209/ Ak47c/ 2013 BUBTL-200321981 03/06/2024 C-1 03/06/2024 Books
          Non-fiction Bangladesh University of Business and Technology Library Bangladesh University of Business and Technology Library Law Stacks 03/21/2016 Purchase 21982   347.549209/ Ak47c/ 2013 BUBTL-200321982 03/06/2024 C-2 03/06/2024 Books
          Non-fiction Bangladesh University of Business and Technology Library Bangladesh University of Business and Technology Library Law Stacks 03/21/2016 Purchase 21983   347.549209/ Ak47c/ 2013 BUBTL-200321983 03/06/2024 C-3 03/06/2024 Books

More Information About Library

Library Hours

  • Open: 9.00 am. to 9.00 pm.
  • Only Sunday: 9.00 am. to 6.00 pm.
  • Closed: Holiday

Contact to the University

Bangladesh University of Business and Technology Library

  • Mirpurl-2, 1216.
  • Phone:
  • Fax:
  • E-Mail: admin.library@bubt.edu.bd

Contact to the Library

Contact Person:

Md. Abdul Hakim Shah
Joint Librarian
PABX No:  113
Cell No: 01816332931
E-mail: official: admin.library@bubt.edu.bd
Personal: hakim.shah@bubt.edu.bd


BUBT Library

Copyright © 2021